MARC

LEADER 00000nam0a2200000 4500
001 245666
005 20231101232138.0
010 |a 5020133590 
035 |a (RuTPU)RU\TPU\book\267087 
090 |a 245666 
100 |a 20131115d1990 k y0rusy50 ca 
101 0 |a rus 
102 |a RU 
105 |a a z 001zy 
200 1 |a Психология личности в социалистическом обществе. Личность и ее жизненный путь  |f Академия наук СССР (АН СССР), Институт психологии (ИП) ; под ред. Б. Ф. Ломова; К. А. Абульхановой-Славской 
210 |a Москва  |c Наука  |d 1990 
215 |a 214 с.  |c ил. 
320 |a Библиография в конце разделов. 
606 1 |a Личность  |x Психология  |x Типы  |x Психологическая диагностика  |2 stltpush  |3 (RuTPU)RU\TPU\subj\40532  |9 60378 
610 1 |a личность 
610 1 |a структура 
610 1 |a типология 
610 1 |a активность 
610 1 |a развитие 
610 1 |a жизненный путь 
610 1 |a творчество 
610 1 |a общности 
610 1 |a методология 
610 1 |a исследование 
610 1 |a методы 
686 |a Ю937  |v LBC/SL-A  |2 rubbk 
702 1 |a Ломов  |b Б. Ф.  |4 340 
702 1 |a Абульханова-Славская  |b К. А.  |4 340 
712 0 2 |a Академия наук СССР (АН СССР)  |b Институт психологии (ИП)  |c (Москва)  |2 stltpush  |3 (RuTPU)RU\TPU\col\11340 
801 1 |a RU  |b 63413507  |c 20131115 
801 2 |a RU  |b 63413507  |c 20131118  |g RCR 
942 |c BK